000 00410cam a22001217a 4500
008 180718b1981 xxu||||| |||| 00| 0 eng d
082 _aA81x54 In2/71/10/Pt 2 C/2
100 _aCensus of India 1971
245 _aMadhya Pradesh: social and cultural tables
260 _aBhopal
_bDirector of Census Operations
_c1981
300 _a483+p.
440 _aCensus of India 1971. Series-10, Madhya Pradesh. Part II-C (ii)
999 _c485210
_d485210